[Event "Heart of Finland op"]
[Site "?"]
[Date "1997.??.??"]
[Round "5"]
[White "Veingold, Aleksandr"]
[Black "Zapolskis, Antanas"]
[Result "1-0"]
[WhiteElo "2460"]
[BlackElo "2385"]

1.d4 d5 2.Nf3 c6 3.c4 Nf6 4.Nc3 dxc4 5.a4 Bf5 6.Ne5 Na6 7.f3 Nd7 8.Nxd7 Bxd7
9.e4 e5 10.Bxc4 exd4 11.Qxd4 Nb4 12.Ke2 Nc2 13.Qe5+ Qe7 14.Qxe7+ Bxe7 15.Rb1 Be6
16.Bxe6 Nd4+ 17.Kf2 Nxe6 18.Be3 a5 19.Rhd1 Bb4 20.Ne2 Ke7 21.Nd4 g6 22.Nxe6 Kxe6
23.f4 Rhd8 24.g4 f5 25.exf5+ gxf5 26.g5 b5 27.Rxd8 Rxd8 28.Rc1 bxa4 29.Rxc6+ Kd5
30.Rc7 Ke4 31.Ke2 h5 32.Rc4+  1-0

[Event "Helsinki We HSK op"]
[Site "Helsinki"]
[Date "1997.??.??"]
[Round "5"]
[White "Veingold, Aleksandr"]
[Black "Sorri, Kari Juhani"]
[Result "1/2-1/2"]
[WhiteElo "2460"]
[BlackElo "2305"]

1.d4 d5 2.Nf3 Nf6 3.c4 c6 4.Nc3 dxc4 5.a4 Bf5 6.Ne5 Nbd7 7.Nxc4 Qc7 8.g3 e5
9.dxe5 Nxe5 10.Bf4 Nfd7 11.Bg2 Be6 12.Nxe5 Nxe5 13.O-O Qa5 14.Nb5 Rd8 15.Qc2 f6
16.Bxe5 fxe5 17.Nc3 Be7 18.Be4 g6 19.Rad1 Rxd1 20.Rxd1 Rf8 21.e3 Kf7 22.h4 Kg7
23.Kg2 Qb4 24.Rh1 Bf5 25.h5 Qc4 26.hxg6 Bxg6 27.Rd1 Rf7 28.Bxg6 hxg6 29.Qe4 Qxe4+
30.Nxe4 Bb4 31.Rd8 Re7 32.Kf3 Rf7+ 33.Ke2 Rf8 34.Rd3 Rf7 35.Rb3 a5 36.Rd3 Be7
37.Rd7 Bb4 38.Rd8 Rf8 39.Rd3 Rf7 40.Kd1 Be7 41.Kc2 Bb4 42.Kd1 Be7 43.Ke2 Bb4
44.Ng5 Re7 45.Kf3 Kf6 46.Kg4 Kg7 47.Ne4 Rf7 48.f3 Re7 49.Rd8 Rf7 50.Nd6 Re7
51.Ne4 Rf7 52.b3 Re7  1/2-1/2

[Event "BCF-ch"]
[Site "Hove"]
[Date "1997.??.??"]
[Round "2"]
[White "Ward, Christopher"]
[Black "Crouch, Colin S"]
[Result "1/2-1/2"]
[WhiteElo "2505"]
[BlackElo "2375"]

1.d4 d5 2.c4 c6 3.Nf3 Nf6 4.Nc3 dxc4 5.a4 Bf5 6.Ne5 Nbd7 7.Nxc4 Qc7 8.g3 e5
9.dxe5 Nxe5 10.Bf4 Nfd7 11.Nxe5 Nxe5 12.Qd4 f6 13.a5 a6 14.Bg2 Be7 15.Ne4 Rd8
16.Qc3 O-O 17.O-O Rfe8 18.Nc5 Bf8 19.Rfd1 Kh8 20.h3 Bd6 21.Rd2 Nf7 22.Bxd6 Rxd6
23.e4 Rxd2 24.Qxd2 Bc8 25.b4 Rd8 26.Qa2 Qe7 27.Qb3 Kg8 28.Rd1 Kf8 29.f4 Ke8
30.Kf2 Rxd1 31.Qxd1 Nd8 32.Qd4 Ne6 33.Nxe6 Qxe6 34.g4 h6 35.e5 f5 36.Bf3 g5
37.Kg3 Qf6 38.fxg5 fxg4 39.hxg4 hxg5 40.Qd6 Qf7 41.Qd2 Qe7 42.Qd4 Be6 43.Be4 Qf7
44.Bd3 Bd5 45.Qf2 Qe7 46.Bg6+ Kd7 47.Bf5+ Kc7 48.Qb6+ Kb8 49.Qd4 Qf8 50.Kf2 Qh8
51.Ke3 Qh3+ 52.Kd2 Qg2+ 53.Kc3 Qa2 54.Kd3 Ka8 55.Ke3 Qg2 56.Kd3 Qa2 57.Ke3 Qg2
58.Kd3 Qa2  1/2-1/2

[Event "BCF-ch"]
[Site "Hove"]
[Date "1997.??.??"]
[Round "6"]
[White "Ward, Christopher"]
[Black "Ansell, Simon"]
[Result "1/2-1/2"]
[WhiteElo "2505"]
[BlackElo "2390"]

1.d4 d5 2.c4 c6 3.Nf3 Nf6 4.Nc3 dxc4 5.a4 Bf5 6.Ne5 e6 7.f3 c5 8.e4 cxd4
9.exf5 Bb4 10.Bxc4 dxc3 11.Qxd8+ Kxd8 12.O-O cxb2 13.Bxb2 Ke7 14.fxe6 fxe6
15.Nd3 Rc8 16.Bxe6 Kxe6 17.Nxb4 Rc4 18.Rfe1+ Kf7  1/2-1/2

[Event "HUN-chT2 9798"]
[Site "HUN"]
[Date "1997.??.??"]
[Round "?"]
[White "Szeles, Karoly"]
[Black "Bartha, Sandor"]
[Result "1-0"]
[WhiteElo "2290"]
[BlackElo "2265"]

1.d4 d5 2.c4 c6 3.Nc3 Nf6 4.Nf3 dxc4 5.a4 Bf5 6.e3 e6 7.Bxc4 Bb4 8.O-O Nbd7
9.Qe2 Bg6 10.Rd1 O-O 11.Bd2 Qe7 12.a5 e5 13.Nh4 exd4 14.Nxg6 hxg6 15.exd4 Qxe2
16.Bxe2 a6 17.Bf3 Rfd8 18.Bg5 Re8 19.Kf1 Bd6 20.g3 Kf8 21.h4 Nh7 22.Bd2 Ndf6
23.g4 Kg8 24.g5 Nd7 25.Ne4 Be7 26.Bf4 Ndf8 27.d5 cxd5 28.Rxd5 Ne6 29.Be3 Nhf8
30.Nd6 Reb8 31.Rc1 Nd8 32.Rc7 Bxd6 33.Rxd6 Nfe6 34.Rcd7 Kf8 35.Rb6 Ke8 36.Rd3 Nc6
37.Rxc6 bxc6 38.Bxc6+ Ke7 39.Rd7+ Kf8 40.Bxa8 Rxa8 41.Rb7 Ke8 42.b4 Nd8 43.Rb6 Kd7
44.Bd4 Ne6 45.Be5 Ra7 46.Ke2 Ke7 47.Ke3 f6 48.Bb8 Ra8 49.Rb7+ Kd8 50.Bd6 fxg5
51.Re7 Nf4 52.Rxg7 Rc8 53.hxg5 Ng2+ 54.Kf3 Nh4+ 55.Kg4 Rc4+ 56.f4 Nf5 57.Rxg6 Ne3+
58.Kf3 Nf5 59.Rf6 Ng7 60.Bc5  1-0

[Event "HUN-chT2 9798"]
[Site "HUN"]
[Date "1997.??.??"]
[Round "?"]
[White "Kaposztas, Miklos"]
[Black "Kadar, Gabor"]
[Result "1/2-1/2"]
[WhiteElo "2330"]
[BlackElo "2230"]

1.d4 d5 2.Nf3 Nf6 3.c4 dxc4 4.Nc3 c6 5.a4 Bf5 6.e3 Bd3 7.Bxd3 cxd3 8.O-O e6
9.Qxd3 Be7 10.e4 O-O 11.Rd1 Na6 12.h3 Nb4  1/2-1/2

[Event "HUN-chT 9798"]
[Site "Hungary"]
[Date "1997.??.??"]
[Round "?"]
[White "Petran, Pal"]
[Black "Gemesi, Andras"]
[Result "1/2-1/2"]
[WhiteElo "2425"]
[BlackElo "2210"]

1.d4 d5 2.c4 c6 3.Nf3 Nf6 4.Nc3 dxc4 5.a4 Bf5 6.Ne5 e6 7.f3 Bb4 8.e4 Bxe4
9.fxe4 Nxe4 10.Bd2 Qxd4 11.Nxe4 Qxe4+ 12.Qe2 Bxd2+ 13.Kxd2 Qd5+ 14.Kc2 Na6
15.Nxc4 Nb4+ 16.Kc3 Qc5 17.Qe5 Nd5+ 18.Kc2 b5 19.Qd6 Ne3+ 20.Kc3 Nd5+ 21.Kc2 Ne3+  1/2-1/2

[Event "HUN-chT 9798"]
[Site "Hungary"]
[Date "1997.??.??"]
[Round "?"]
[White "Konopka, Michal"]
[Black "Tomcsanyi, Peter"]
[Result "1/2-1/2"]
[WhiteElo "2415"]
[BlackElo "2265"]

1.Nf3 d5 2.d4 Nf6 3.c4 c6 4.Nc3 dxc4 5.a4 Bf5 6.Nh4 e6 7.Nxf5 exf5 8.e3 Bd6
9.Bxc4 O-O 10.h3 a5 11.Qf3 g6 12.g4 Na6 13.gxf5 Nb4 14.Ke2 Nc2 15.Rb1 Qe7
16.Kf1 c5 17.fxg6 hxg6 18.dxc5 Bxc5 19.Rg1 Kg7 20.Bb3 Nb4 21.e4 Rad8 22.Bg5 Qe5
23.Bxf6+ Qxf6 24.Qxf6+ Kxf6 25.Nd5+ Nxd5 26.Bxd5 b6 27.Kg2 Rh8 28.Rh1 Rh4
29.Rbd1 Rf4 30.f3 Ke5 31.Rhe1 f6 32.b3 g5 33.Bb7 Rd4 34.Bc8 Rh4 35.Bg4 Rh8
36.Rxd4 Bxd4 37.Rc1 Bc5 38.Kf1 Rd8 39.Ke2 Rd4 40.Rc2 Rb4 41.Rc3 Rd4 42.Bc8 Rd8
43.Bf5 Rd4 44.Bg4 Rd6 45.Rc1 Bb4 46.Rc8 Kf4 47.Rc2 Bc5  1/2-1/2

[Event "HUN-chT 9798"]
[Site "Hungary"]
[Date "1997.??.??"]
[Round "?"]
[White "Mester, Gyula"]
[Black "Gemesi, Andras"]
[Result "1-0"]
[WhiteElo "2390"]
[BlackElo "2210"]

1.d4 d5 2.c4 c6 3.Nf3 Nf6 4.Nc3 dxc4 5.a4 Bf5 6.e3 e6 7.Bxc4 Bb4 8.O-O O-O
9.Nd2 c5 10.dxc5 Bxc5 11.e4 Bg6 12.e5 Nfd7 13.Qe2 Nc6 14.Nb3 Bb6 15.Bf4 Bc7
16.Rfd1 Qe7 17.Nb5 Bb8 18.Rxd7 Qxd7 19.h4 h6 20.h5 Bh7 21.Nd6 Bxd6 22.Rd1 Rad8
23.exd6 e5 24.Bg3 Qf5 25.Bh4 Rd7 26.Bd3 Qf4 27.Bxh7+ Kxh7 28.Nc5 Rxd6 29.Rxd6 Qc1+
30.Qd1 Qxc5 31.Rd7 Qb4 32.Qc2+ Kg8 33.Bg3 a5 34.f3 Nd4 35.Qe4 Qxb2 36.Bxe5 Qc1+
37.Kh2 Nc6 38.Bd6 Qg5 39.Bxf8 Qxh5+ 40.Kg1 Kxf8 41.Rxb7 Qc5+ 42.Kh2 Qh5+
43.Kg3 Qg5+ 44.Qg4 Qe5+ 45.Qf4 Qe1+ 46.Kh2 Ne5 47.Qe4 Qxe4 48.fxe4 Ke8 49.Rc7 Nd3
50.Ra7 Nf2 51.Rxa5 f6 52.Rd5 Nxe4 53.a5 Nc3 54.Rd3 Nb5 55.a6  1-0

[Event "HUN-chT 9798"]
[Site "Hungary"]
[Date "1997.??.??"]
[Round "?"]
[White "Konopka, Michal"]
[Black "Siklosi, Zoltan"]
[Result "1-0"]
[WhiteElo "2415"]
[BlackElo "2350"]

1.Nf3 d5 2.d4 Nf6 3.c4 c6 4.Nc3 dxc4 5.a4 Bf5 6.Nh4 Bc8 7.e3 g6 8.Bxc4 Bg7
9.O-O O-O 10.f4 Na6 11.e4 Nb4 12.f5 Nc2 13.fxg6 Nxa1 14.Bxf7+ Rxf7 15.gxf7+ Kf8
16.e5 Nc2 17.exf6 Bxf6 18.d5 Qb6+ 19.Kh1 Ne3 20.Qh5 Qa6 21.Nb5 cxb5 22.Qxh7  1-0

[Event "HUN-chT 9798"]
[Site "Hungary"]
[Date "1997.??.??"]
[Round "?"]
[White "Vigh, Bela"]
[Black "Gemesi, Andras"]
[Result "1-0"]
[WhiteElo "2390"]
[BlackElo "2210"]

1.d4 d5 2.c4 c6 3.Nf3 Nf6 4.Nc3 dxc4 5.a4 Bf5 6.e3 e6 7.Bxc4 Bb4 8.O-O O-O
9.Nh4 Bg4 10.f3 Nd5 11.fxg4 Qxh4 12.Qf3 f5 13.Bd2 Bd6 14.h3 Qe7 15.gxf5 Rxf5
16.Qe4 Rh5 17.Qf3 Rf5 18.Qe2 Rxf1+ 19.Rxf1 Nd7 20.e4 Nxc3 21.bxc3 Rf8 22.Rb1 Nb6
23.Bb3 Bf4 24.a5 Nd7 25.e5 Bxd2 26.Qxd2 Rf7 27.Qa2 Nf8 28.Bc4 g6 29.Qb2 Qg5
30.Re1 h5 31.Bd3 Qg3 32.Qe2 Kg7 33.Rb1 Nh7 34.Qe4 Kh6 35.Rf1 Rxf1+ 36.Kxf1 Qg5
37.h4 Qc1+ 38.Ke2 Nf8 39.Qe3+ Qxe3+ 40.Kxe3 g5 41.g3 gxh4 42.gxh4 Ng6 43.Bc4 Nxh4
44.Bxe6 Ng6 45.Ke4 Kg5 46.c4 h4 47.Bc8 b6 48.axb6 axb6 49.d5 cxd5+ 50.cxd5 Nf4
51.d6 b5 52.Bf5  1-0

[Event "ISL-chT"]
[Site "Iceland"]
[Date "1997.??.??"]
[Round "?"]
[White "Kristinsson, Jon"]
[Black "Halldorsson, Jon Arni"]
[Result "1-0"]
[WhiteElo "2335"]
[BlackElo "2160"]

1.d4 d5 2.c4 c6 3.Nc3 Nf6 4.Nf3 dxc4 5.a4 Bf5 6.e3 e6 7.Bxc4 Bb4 8.O-O O-O
9.Qe2 Nbd7 10.e4 Bg6 11.Bd3 Qa5 12.e5 Nd5 13.Bxg6 fxg6 14.Ng5 Rae8 15.Nce4 h6
16.Nh3 Qb6 17.Be3 Rf5 18.a5 Qd8 19.a6 b6 20.Rfc1 Nb8 21.f3 Qd7 22.Nhf2 Rd8
23.Rd1 Qc8 24.Qd3 Nc7 25.Ng3 Rxe5 26.Qxg6 Red5 27.Ng4 Kh8 28.Ne5 Rf8 29.Nh5 Ne8
30.Nf7+ Rxf7 31.Qxf7 Qd7 32.Qxd7 Nxd7 33.Nf4  1-0

[Event "Juvenil op"]
[Site "?"]
[Date "1997.??.??"]
[Round "8"]
[White "Sasot Samplon, E."]
[Black "Zurano Lopez, Pedro"]
[Result "0-1"]
[WhiteElo "2160"]
[BlackElo "2300"]

1.d4 d5 2.c4 c6 3.Nc3 dxc4 4.a4 Nf6 5.Nf3 Bf5 6.Ne5 Nbd7 7.Nxc4 e6 8.f3 Bb4
9.e4 Bg6 10.Be2 O-O 11.O-O Nb6 12.Be3 Qe7 13.Na2 Nxc4 14.Bxc4 Ba5 15.Rb1 Rfd8
16.b4 Bc7 17.Nc3 Nd5 18.Bd2 Nb6 19.Ba2 Rxd4 20.Ne2 Bxh2+ 21.Kxh2 Qd6+ 22.e5 Qxe5+
23.Kg1 Bxb1 24.Bxb1 Rad8 25.Nxd4 Qxd4+ 26.Rf2 Nc4 27.Bxh7+ Kxh7 28.Qc2+ Qd3
29.Bg5 Qxc2 30.Rxc2 Rd4 31.Kf2 Nb6 32.Be3 Rd1 33.Bxb6 axb6 34.Rc4 Kg6 35.Rd4  0-1

[Event "Kastel Stari op"]
[Site "Kastel Stari"]
[Date "1997.??.??"]
[Round "3"]
[White "Romanishin, Oleg M"]
[Black "Rogic, Davor"]
[Result "1-0"]
[WhiteElo "2555"]
[BlackElo "2455"]

1.d4 d5 2.c4 c6 3.Nf3 Nf6 4.Nc3 dxc4 5.a4 Bf5 6.e3 e6 7.Bxc4 Bb4 8.O-O Nbd7
9.h3 Bg6 10.Be2 O-O 11.Nh4 Qb6 12.Nxg6 hxg6 13.Qb3 a5 14.Rd1 e5 15.dxe5 Nxe5
16.Bd2 Rfd8 17.Be1 Qc7 18.Qc2 Qe7 19.Rxd8+ Rxd8 20.Rd1 Rxd1 21.Qxd1 Ned7
22.Bd3 Qd6 23.Qe2 Nb6 24.Bc2 Qc5 25.Bb3 Qd6 26.Qc2 Nbd5 27.Qd1 Qe5 28.Nxd5 Nxd5
29.Bxb4 axb4 30.Qc2 Kh7 31.Qd2 Qe4 32.f3 Qb1+ 33.Kh2 f5 34.Bxd5 cxd5 35.Qxb4 g5
36.Qxb7 Qd3 37.Qe7 f4 38.exf4 d4 39.fxg5 Qe3 40.Qxe3  1-0

[Event "Kastel Stari op"]
[Site "Kastel Stari"]
[Date "1997.??.??"]
[Round "7"]
[White "Bozinovic, Bogdan"]
[Black "Palac, Mladen"]
[Result "0-1"]
[WhiteElo "2255"]
[BlackElo "2595"]

1.d4 d5 2.c4 dxc4 3.Nf3 Nf6 4.Nc3 c6 5.a4 Bf5 6.Ne5 e6 7.f3 Bb4 8.Nxc4 O-O
9.Bg5 h6 10.Bh4 c5 11.dxc5 Qxd1+ 12.Kxd1 Bxc5 13.e4 Bh7 14.Ne5 Bd4 15.Nd3 Nc6
16.Kc2 Nd7 17.Rd1 f5 18.exf5 Bxf5 19.Kb3 e5 20.Nb5 Nb6 21.Nxd4 Nxd4+ 22.Ka2 Be6+
23.Kb1 Bb3 24.Rc1 Rfc8 25.a5 Nc4 26.Be1 Ne3 27.Nb4 Rxc1+ 28.Kxc1 Rc8+ 29.Bc3 Rc5
30.Nd3 Rd5 31.Nf2 Nxf1 32.Rxf1 Ne2+ 33.Kb1 Nxc3+ 34.bxc3 Rxa5 35.Ng4 Ra2
36.g3 Re2 37.Rf2 Rxf2 38.Nxf2 Bd5 39.Ng4 Bxf3 40.Nxe5 Be4+ 41.Kc1 Kf8 42.Kd2 Ke7
43.Ke3 Bh1 44.Kd4 Ke6 45.c4 a5 46.Nd3 Kf5 47.Kc5 Bc6 48.Nf2  0-1

[Event "Tavasz"]
[Site "Kecskemet"]
[Date "1997.??.??"]
[Round "2"]
[White "Bromberger, Stefan"]
[Black "Videki, Sandor"]
[Result "0-1"]
[WhiteElo "2310"]
[BlackElo "2375"]

1.d4 d5 2.c4 c6 3.Nc3 Nf6 4.Nf3 dxc4 5.a4 Bf5 6.Ne5 e6 7.f3 Bb4 8.Nxc4 c5
9.dxc5 Qxd1+ 10.Kxd1 O-O 11.e4 Bg6 12.Be3 Nbd7 13.c6 bxc6 14.Kc2 Nd5 15.Bf2 Bc5
16.Bg3 Rfd8 17.Rd1 N7b6 18.Kb3 Nxc3 19.Rxd8+ Rxd8 20.bxc3 Rd1 21.Ne5 f6 22.Nd3 Be3
23.a5 Nd7 24.Bf2 Rxd3 25.Bxd3 Bxf2 26.Rf1 Be3 27.Re1 Bf4 28.g3 Bc7 29.Rd1 Bxa5
30.Bb5 Ne5 31.Ba4 c5 32.f4 c4+ 33.Kc2  0-1

[Event "Kiev"]
[Site "Kiev"]
[Date "1997.??.??"]
[Round "1"]
[White "Rakhmangulov, Andrei"]
[Black "Lutsko, Igor"]
[Result "1/2-1/2"]
[WhiteElo "2420"]
[BlackElo "2410"]

1.d4 d5 2.c4 c6 3.Nc3 Nf6 4.Nf3 dxc4 5.a4 Bf5 6.e3 e6 7.Bxc4 Bb4 8.O-O Nbd7
9.Qe2 Bg6 10.e4 O-O 11.Na2 Be7 12.Nc3 Bb4 13.Na2 Be7 14.Nc3 Bb4 15.Na2  1/2-1/2

[Event "Klatovy op-B"]
[Site "Klatovy"]
[Date "1997.??.??"]
[Round "?"]
[White "Travnik, P."]
[Black "Seibt, J."]
[Result "1-0"]
[WhiteElo "1760"]
[BlackElo "1665"]

1.d4 d5 2.c4 c6 3.Nf3 Nf6 4.Nc3 dxc4 5.a4 Bf5 6.e3 e6 7.Bxc4 Bb4 8.O-O O-O
9.Nh4 Be4 10.Nxe4 Nxe4 11.Nf3 Nd7 12.Qb3 Qe7 13.Bd3 Ndf6 14.Qc2 Nd6 15.e4 Nde8
16.e5 c5 17.exf6 Nxf6 18.Bg5 cxd4 19.Bxh7+ Kh8 20.Bd3 Rac8 21.Qe2 Qd8 22.Rac1 Rxc1
23.Rxc1 Be7 24.Ne5 g6 25.Bxg6 fxg6 26.Nxg6+ Kg7 27.Nxf8 Qxf8 28.Qxe6 d3 29.Rc7 Kg6
30.Bd2 Bb4 31.Qe3 Bxd2 32.Qxd3+  1-0

[Event "Koge op"]
[Site "Koge"]
[Date "1997.??.??"]
[Round "3"]
[White "Jorgensen, Brian"]
[Black "Nicolaisen, Erik"]
[Result "1-0"]
[WhiteElo "2200"]
[BlackElo "2035"]

1.d4 d5 2.Nf3 c6 3.c4 Nf6 4.Nc3 dxc4 5.a4 Bf5 6.Ne5 e6 7.f3 Nbd7 8.e4 Bg6
9.Nxd7 Qxd7 10.Bxc4 Be7 11.O-O O-O 12.Be3 a5 13.Qe2 Bd8 14.Rad1 Bb6 15.Kh1 Qc7
16.Rd2 h6 17.Rfd1 Rac8 18.Ba2 Rfe8 19.Qf2 Rcd8 20.Qh4 Qe7 21.g4 Nh7 22.Qf2 Nf6
23.Qe2 Qb4 24.Qc4 Qxc4 25.Bxc4 Rc8 26.Bf2 h5 27.g5 Nh7 28.h4 Nf8 29.Kg2 Nd7
30.Bb3 Bc7 31.Bg3 Bxg3 32.Kxg3 Nb6 33.Ne2 Rcd8 34.Kf2 Rd6 35.Rc1 e5 36.Rcd1 exd4
37.Rxd4 Rxd4 38.Rxd4 Re7 39.Rd8+ Kh7 40.Ng3 Rd7 41.Rxd7 Nxd7 42.f4 Nc5 43.Bc2 f6
44.f5 Be8 45.g6+ Kg8 46.Nxh5 b5 47.Ke3 bxa4 48.Nf4 Nb3 49.Ne6 c5 50.Bd3 Bd7
51.Bc4 Bxe6 52.fxe6 Kf8 53.h5 f5 54.h6  1-0

[Event "Koge op"]
[Site "Koge"]
[Date "1997.??.??"]
[Round "4"]
[White "Sokolov, Ivan"]
[Black "Hector, Jonny"]
[Result "1-0"]
[WhiteElo "2635"]
[BlackElo "2470"]

1.d4 d5 2.c4 c6 3.Nf3 Nf6 4.Nc3 dxc4 5.a4 Bf5 6.e3 e6 7.Bxc4 Bb4 8.O-O Nbd7
9.Nh4 Bg6 10.Qb3 a5 11.g3 Qc7 12.Bd2 O-O-O 13.Rfc1 Qb6 14.Nb1 Bh5 15.Bxb4 Qxb4
16.Qxb4 axb4 17.Nd2 Kc7 18.Bf1 e5 19.a5 exd4 20.exd4 Nf8 21.a6 Ne6 22.Nb3 g5
23.Nf5 Bg6 24.Ne7 Be4 25.axb7 Rhe8 26.Nxc6 Bxc6 27.Ra6 Rd6 28.Bb5 Nd8 29.Na5 Ree6
30.Bxc6 Nxc6 31.Raxc6+ Rxc6 32.Nxc6 Nd7 33.Ne5+  1-0

[Event "RUS-ch U20"]
[Site "Kolontaevo"]
[Date "1997.??.??"]
[Round "?"]
[White "Rychagov, Andrei"]
[Black "Najer, Evgeniy"]
[Result "0-1"]
[WhiteElo "2455"]
[BlackElo "2510"]

1.d4 d5 2.c4 c6 3.Nf3 Nf6 4.Nc3 dxc4 5.a4 Bf5 6.e3 e6 7.Bxc4 Bb4 8.O-O Nbd7
9.Qe2 Bg6 10.e4 Bxc3 11.bxc3 Nxe4 12.Ba3 Qc7 13.Rfc1 O-O-O 14.a5 Kb8 15.Be7 Rde8
16.Bh4 f5 17.Bd3 e5 18.a6 b6 19.Bxe4 fxe4 20.Nxe5 Nxe5 21.Bg3 Ka8 22.Bxe5 Qd7
23.Rd1 h5 24.h4 Qe7 25.Bg3 Bf7 26.c4 g5 27.d5 gxh4 28.d6 Qd7 29.Bxh4 Rhg8
30.Ra3 Rg4 31.Rh3 Reg8 32.Rh2 Be6 33.Bg3 Qg7 34.c5 Bd5 35.cxb6 axb6 36.Qe3 Ka7
37.Rb1 c5 38.Rf1 Bc6 39.Rc1 Qg5 40.Re1 Rg7 41.Re2  0-1

[Event "Leeuwarden op"]
[Site "Leeuwarden"]
[Date "1997.??.??"]
[Round "2"]
[White "Van Wely, Loek"]
[Black "Ernst, Sipke"]
[Result "1-0"]
[WhiteElo "2655"]
[BlackElo "2270"]

1.d4 d5 2.c4 c6 3.Nc3 Nf6 4.Nf3 dxc4 5.a4 Bf5 6.Ne5 e6 7.f3 c5 8.e4 cxd4
9.exf5 Nc6 10.Nxc6 bxc6 11.fxe6 fxe6 12.Qe2 dxc3 13.Qxe6+ Qe7 14.Bxc4 Qxe6+
15.Bxe6 cxb2 16.Bxb2 Bb4+ 17.Ke2 Ke7 18.Ba2 Nd5 19.Bxd5 cxd5 20.Rac1 Rhe8
21.Kd3 Kd7 22.h4 Re7 23.Bd4 a5 24.h5 Rb8 25.Rh4 Be1 26.Rg4 Rb3+ 27.Kc2 Rb4
28.Rb1 Rxa4 29.Rb7+  1-0

[Event "Leeuwarden op"]
[Site "Leeuwarden"]
[Date "1997.??.??"]
[Round "8"]
[White "Delemarre, Jop"]
[Black "Kharitonov, Andrei Y"]
[Result "0-1"]
[WhiteElo "2395"]
[BlackElo "2540"]

1.d4 Nf6 2.Nf3 d5 3.c4 c6 4.Nc3 dxc4 5.a4 Bf5 6.Ne5 Na6 7.f3 Nd7 8.Nxc4 e5
9.e4 exd4 10.Qxd4 Nb4 11.Na3 Be6 12.Be3 Nc5 13.Rd1 Qxd4 14.Rxd4 a5 15.Kf2 Be7
16.Bc4 Bxc4 17.Nxc4 O-O 18.Rhd1 Nc2 19.R4d2 Nxe3 20.Kxe3 f5 21.exf5 Rxf5
22.Kf2 Rf4 23.Nb6 Ra6 24.Nc8 Bf6 25.Re2 h6 26.Ne4 Nxe4+ 27.Rxe4 Rxe4 28.fxe4 Bxb2
29.Rb1 Bd4+ 30.Ke2 b5 31.axb5 cxb5 32.Kd3 Bf6 33.Rxb5 a4 34.e5 a3 35.exf6 a2
36.f7+ Kxf7 37.Rf5+ Ke6 38.Rf1 a1=Q 39.Rxa1 Rxa1 40.Nb6 Ra2  0-1

[Event "Lilie op"]
[Site "Litomysl"]
[Date "1997.??.??"]
[Round "4"]
[White "Belunek, Vladimir"]
[Black "Capek, Ivan"]
[Result "1/2-1/2"]
[WhiteElo "2230"]
[BlackElo "2105"]

1.d4 d5 2.c4 c6 3.Nf3 Nf6 4.Nc3 dxc4 5.a4 Bf5 6.e3 e6 7.Bxc4 Bb4 8.O-O O-O
9.Qe2 Nbd7 10.e4 Bg6 11.Bd3 Bh5 12.e5 Nd5 13.Ne4 Be7 14.Ng3 Bg6 15.Rd1 Bxd3
16.Rxd3 c5 17.Ne4 Nb4 18.Rd1 Nd5 19.Bg5 h6 20.Bxe7 Qxe7 21.Nd6 cxd4 22.Rxd4 f6
23.Ne4 f5 24.Nd6 Rab8 25.Nh4 Qg5 26.Nhxf5 Rxf5 27.Nxf5 Qxf5  1/2-1/2

[Event "Lilie op"]
[Site "Litomysl"]
[Date "1997.??.??"]
[Round "5"]
[White "Ulms, Sandra"]
[Black "Ulak, Slawomir"]
[Result "0-1"]
[WhiteElo "2100"]
[BlackElo "2410"]

1.d4 d5 2.Nf3 Nf6 3.c4 c6 4.Nc3 dxc4 5.a4 Bf5 6.e3 e6 7.Bxc4 Bb4 8.O-O Nbd7
9.Qb3 a5 10.Ne2 Be4 11.Ng3 Bxf3 12.gxf3 O-O 13.Rd1 Nd5 14.e4 N5b6 15.Bd3 c5
16.Be3 cxd4 17.Bxd4 Nc5 18.Bxc5 Bxc5 19.Bc2 Qh4 20.Rd2 Rac8 21.Bd3 Qf4 22.Qd1 Nd7
23.Bf1 Ne5 24.Bg2 Bb4 25.Rd4 g6 26.Nf1 h5 27.Qe2 Bc5 28.Rd2 Nc6 29.Rad1 e5
30.Rd5 Nd4 31.Qd3 h4 32.Nd2 Qg5 33.Kf1 Ne6 34.f4 Nxf4 35.Qf3 Nxd5 36.exd5 f5
37.d6 e4 38.Qb3+ Rf7 39.d7 Rd8 40.Qe6 Rxd7  0-1

[Event "Ljubljana op"]
[Site "Ljubljana"]
[Date "1997.??.??"]
[Round "8"]
[White "Mikac, Matjaz"]
[Black "Mazi, Leon"]
[Result "1/2-1/2"]
[WhiteElo "2440"]
[BlackElo "2355"]

1.d4 d5 2.Nf3 Nf6 3.c4 c6 4.Nc3 dxc4 5.a4 Bf5 6.e3 e6 7.Bxc4 Bb4 8.O-O O-O
9.Qe2 Ne4 10.Nxe4 Bxe4 11.Rd1 Nd7  1/2-1/2

[Event "Ljubljana op"]
[Site "Ljubljana"]
[Date "1997.??.??"]
[Round "9"]
[White "Burmakin, Vladimir"]
[Black "Rogic, Davor"]
[Result "1/2-1/2"]
[WhiteElo "2530"]
[BlackElo "2455"]

1.d4 d5 2.Nf3 Nf6 3.c4 c6 4.Nc3 dxc4 5.a4 Bf5 6.e3 e6 7.Bxc4 Bb4 8.O-O Nbd7
9.Qe2 Bg4 10.h3 Bxf3 11.Qxf3 O-O 12.e4 Nb6 13.Be2 Qxd4 14.a5 Nbd7 15.Ra4 Qd6
16.Rd1 Qe7 17.Bg5 Bxc3 18.Qxc3 e5 19.Bg4 Rfd8 20.Ra3 h6 21.Rxd7 Rxd7 22.Bxf6 gxf6
23.Bxd7 Qxd7 24.Qg3+ Kh7 25.Qh4 Qe6 26.Rf3 Kg7 27.Rg3+ Kh7 28.Rf3 Kg7 29.Rg3+  1/2-1/2

[Event "Rheinhessen-ch H1 op"]
[Site "Mainz"]
[Date "1997.??.??"]
[Round "6"]
[White "Noll, Paul"]
[Black "Ottstadt, Ralph"]
[Result "1/2-1/2"]
[WhiteElo "1870"]
[BlackElo "2210"]

1.d4 d5 2.c4 c6 3.Nf3 Nf6 4.Nc3 dxc4 5.a4 Bf5 6.e3 e6 7.Bxc4 Bb4 8.O-O Nbd7
9.Nh4 Bg6 10.f3 Nd5 11.Nxg6 hxg6 12.Qe2 Nxc3 13.bxc3 Bxc3 14.Rb1 Qc7 15.g3 a5
16.Ba3 Bb4 17.Bxb4 axb4 18.Rxb4 O-O 19.Qb2 b6 20.Rc1 Qd6 21.Be2 Ra7 22.Rbc4 Rc8
23.Rd1 Rca8 24.Qc2 Qa3 25.Rd3 Qa1+ 26.Rd1 Qa3 27.Rd3 Qa1+ 28.Rd1  1/2-1/2

[Event "CUB-ch"]
[Site "Matanzas"]
[Date "1997.??.??"]
[Round "12"]
[White "Borges Mateos, Juan"]
[Black "Gonzalez, Renier"]
[Result "1/2-1/2"]
[WhiteElo "2500"]
[BlackElo "2385"]

1.d4 d5 2.c4 c6 3.Nf3 Nf6 4.Nc3 dxc4 5.a4 Bf5 6.Ne5 e6 7.f3 Bb4 8.Bg5 c5
9.dxc5 Qxd1+ 10.Kxd1 Nbd7 11.Nxc4 Bxc5 12.e4 Bg6 13.Bd3 O-O 14.Ke2 Rfe8 15.Rhd1 h6
16.Be3 Bxe3 17.Kxe3 Red8 18.Na5 Rab8 19.Be2 Rdc8 20.Rac1 Kf8 21.Nb5 Rxc1
22.Rxc1 Ne8 23.f4 a6 24.Nc7 Nd6 25.Bf3 Nb6 26.e5  1/2-1/2

[Event "CRO-chT"]
[Site "Medulin"]
[Date "1997.??.??"]
[Round "?"]
[White "Tukmakov, Vladimir B"]
[Black "Rogic, Davor"]
[Result "1-0"]
[WhiteElo "2585"]
[BlackElo "2455"]

1.d4 d5 2.c4 c6 3.Nf3 Nf6 4.Nc3 dxc4 5.a4 Bf5 6.Nh4 Bc8 7.e3 e5 8.Bxc4 exd4
9.exd4 Bd6 10.O-O O-O 11.Nf3 Bg4 12.h3 Bh5 13.g4 Bg6 14.Ne5 Ne4 15.Nxg6 Nxc3
16.bxc3 hxg6 17.Rb1 Qc7 18.Qf3 Nd7 19.Re1 Nb6 20.Bb3 Rae8 21.Bd2 Qd7 22.a5 Rxe1+
23.Rxe1 Nd5 24.Kf1 Nc7 25.Re4 Re8 26.Rxe8+ Qxe8 27.h4 a6 28.h5 gxh5 29.gxh5 Ne6
30.Qg4 c5 31.Kg1 Qe7 32.Be3 cxd4 33.cxd4 Qf6 34.Bd5 Bc7 35.Bxb7 Bxa5 36.Bxa6 Bb6
37.Bc4 Nxd4 38.Qc8+ Kh7 39.Kf1 Qd6 40.Bxf7 Bd8 41.Bc4 Qf6 42.Qd7  1-0

[Event "Carlos Torre mem op"]
[Site "Merida"]
[Date "1997.??.??"]
[Round "7"]
[White "Almeida Saenz, Alfonso"]
[Black "Blanco Sing, Israel"]
[Result "0-1"]
[WhiteElo "2405"]
[BlackElo "2395"]

1.Nf3 Nf6 2.c4 c6 3.d4 d5 4.Nc3 dxc4 5.a4 Bf5 6.Ne5 e6 7.e3 Na6 8.g4 Nxg4
9.Nxg4 Nb4 10.Ne5 Nc2+ 11.Ke2 Qh4 12.Bg2 O-O-O 13.Ra2 f6 14.Nxc4 e5 15.Kf1 exd4
16.exd4 Rxd4 17.Nd2 Bc5 18.Nce4 Rxe4 19.Nxe4 Bxe4 20.Qd2 Bxg2+ 21.Kxg2 Qg4+
22.Kf1 Rd8 23.h3 Qc4+  0-1

[Event "Metz op"]
[Site "Metz"]
[Date "1997.??.??"]
[Round "9"]
[White "Georgiev, Kiril"]
[Black "Khenkin, Igor"]
[Result "1-0"]
[WhiteElo "2645"]
[BlackElo "2575"]

1.d4 d5 2.c4 c6 3.Nf3 Nf6 4.Nc3 dxc4 5.a4 Bf5 6.Ne5 e6 7.f3 Bb4 8.e4 Bxe4
9.fxe4 Nxe4 10.Bd2 Qxd4 11.Nxe4 Qxe4+ 12.Qe2 Bxd2+ 13.Kxd2 Qd5+ 14.Kc2 Na6
15.Nxc4 O-O 16.Qe5 Rab8 17.h4 Nb4+ 18.Kc1 Rbc8 19.b3 b5 20.Qxd5 cxd5 21.axb5 dxc4
22.bxc4 Nd5 23.Rxa7 Nb6 24.Kb2 Nxc4+ 25.Bxc4 Rxc4 26.Kb3 Rd4 27.Rc1 Rb8 28.Rb7 Rd3+
29.Kb4 Rd4+ 30.Ka5 Ra8+ 31.Kb6 Rxh4 32.Ra7 Re8 33.Kc6 g5 34.b6 Rc8+ 35.Rc7 Rb8
36.b7 Kg7 37.Rc8 Rxb7 38.Kxb7 Rb4+ 39.Kc6 Rb2 40.Rg1 h5 41.Kd6 h4 42.g4 h3
43.Rc3 h2 44.Rh1 Rd2+ 45.Ke7 Ra2 46.Rh3 Ra7+ 47.Kd6 Ra6+ 48.Ke5 Ra5+ 49.Ke4 f5+
50.gxf5 exf5+ 51.Kd4 Ra4+ 52.Ke5 Ra5+ 53.Ke6 g4 54.R3xh2 Kg6 55.Rh8 Kg5 56.Rg8+ Kf4
57.Rf1+ Ke4 58.Kf6  1-0

[Event "Moravia-chT 9697"]
[Site "?"]
[Date "1997.??.??"]
[Round "?"]
[White "Sobek, Jaroslav"]
[Black "Mitura, Vaclav"]
[Result "1/2-1/2"]
[WhiteElo "2225"]
[BlackElo "2260"]

1.d4 d5 2.c4 c6 3.Nf3 Nf6 4.Nc3 dxc4 5.a4 Bf5 6.e3 e6 7.Bxc4 Bb4 8.O-O Nbd7
9.Nh4 Bg6 10.Qb3 a5 11.Nxg6 hxg6 12.e4 Nb6 13.e5 Nfd5 14.Bxd5 Nxd5 15.g3 Qb6
16.Nxd5 cxd5 17.Be3 Rc8 18.Rfc1 O-O 19.Rc2 Rxc2 20.Qxc2 Qc6 21.Rc1 Rc8 22.Qd3 Qd7
23.Rxc8+ Qxc8 24.Qb5 Kf8 25.b3 Qc6 26.Qd3 Qc3  1/2-1/2

[Event "Moravia-chT 9697"]
[Site "?"]
[Date "1997.??.??"]
[Round "?"]
[White "Jankovec, Ivan"]
[Black "Mitura, Vaclav"]
[Result "1/2-1/2"]
[WhiteElo "2275"]
[BlackElo "2260"]

1.d4 d5 2.c4 c6 3.Nf3 Nf6 4.Nc3 dxc4 5.a4 Bf5 6.e3 e6 7.Ne5 Bb4 8.Bxc4 Nbd7
9.Nxd7 Qxd7 10.f3 Qe7 11.e4 Bg6 12.O-O Rd8 13.Qe2 Rxd4 14.Be3 e5 15.Bxd4 exd4
16.Nd1 Nd7 17.Nf2 f5 18.e5 Nxe5 19.Rad1 Nxc4 20.Qxc4 Bf7 21.Qxd4 O-O 22.Qd7 Bd5
23.Qxe7 Bxe7 24.Nd3 Bf6 25.Rd2 Bd4+ 26.Kh1 Bc4 27.Re1 Bxd3 28.Rxd3 Bxb2 29.Rb3 Bd4
30.Rxb7 a5 31.Reb1 c5 32.Rc7 Re8 33.g3 h6 34.Rb5 Re1+ 35.Kg2 Re2+ 36.Kf1 Rf2+
37.Ke1 Rxf3 38.Rxa5 Rf2 39.Ra8+ Kh7 40.a5 Rxh2 41.a6 Ra2 42.Rd7 Bf2+ 43.Kf1 c4
44.Rc8 Bb6 45.Rxc4 Rxa6 46.Rc6 Ra1+ 47.Ke2 Ra2+ 48.Kd3 Bg1 49.Rf7 Ra3+ 50.Ke2 Rxg3
51.Rxf5  1/2-1/2